Historia universal de las cifras : la inteligencia de la humanidad contada por los números y el cálculo /

Investigación de un matemático sobre las interrogantes surgidas en sus clases de matemáticas sobre el origen y significado de los números en las más diversas culturas que componen el complejo mapa de la humanidad. Incluye los sistemas numéricos y de cálculo desde los más rudimentarios hasta los más...

Olles dieđut

Furkejuvvon:
Bibliográfalaš dieđut
Váldodahkki: Ifrah, Georges (autor)
Materiálatiipa: Girji
Giella:espánnjágiella
Almmustuhtton: Madrid, España : Espasa-Calpe, 1997, c1997
Ráidu:(Espasa Fórum)
Fáttát:
Fáddágilkorat: Lasit fáddágilkoriid
Eai fáddágilkorat, Lasit vuosttaš fáddágilkora!

MARC

LEADER 00000nam^a2200000^a^4500
001 000182403
005 20250521000000.0
009 20260310102007.147
020 |a 84-239-9730-8 
037 |a Acervo ITESO - Biblioteca 
041 |a ESP 
082 |a 513. 5  |b IFR 
100 |a Ifrah, Georges  |e (autor) 
245 1 0 |a Historia universal de las cifras :  |b la inteligencia de la humanidad contada por los números y el cálculo /  |c G. Ifrah ; dir. y rev. de Jesús Hernández Alonso, Mariano Martínez Pérez ; tr. por Juan Ma. López de Sa y de Madariaga... [et al.]. 
264 4 |a Madrid, España :  |b Espasa-Calpe,  |c 1997, c1997 
300 |a 1996 p. 
336 |a texto  |b txt  |2 rdacontenido 
337 |a sin mediación  |b n  |2 rdamedio 
338 |a volumen  |b nc  |2 rdasoporte 
440 1 |a (Espasa Fórum) 
500 |a Traducción de: Histoire universelle des chiffres 
520 |a Investigación de un matemático sobre las interrogantes surgidas en sus clases de matemáticas sobre el origen y significado de los números en las más diversas culturas que componen el complejo mapa de la humanidad. Incluye los sistemas numéricos y de cálculo desde los más rudimentarios hasta los más sofisticados, comenzando con el ábaco hasta la computadora. 
649 |a XX 
650 |a Números -  |x Historia 
650 |a Cálculo -  |x Historia 
650 |a Matemáticas -  |x Historia 
910 |a Fondo General 
920 |a Impresos - Libros 
930 |a Colección General 
905 |a 101 
901 |a 0500122353  |b IT1  |c ACC  |u 20250521 
902 |a https://opac.biblio.iteso.mx/vufind/Record/000182403